| 000 | 00634nam a2200217 a 4500 | ||
|---|---|---|---|
| 008 | |||
| 020 | _a1853837407 (pbk.) | ||
| 049 | _aMAIN | ||
| 090 |
_aJZ1242 _bEDW |
||
| 100 | 1 | _aEdwards, Michael. | |
| 245 | 1 | 0 |
_aFuture positive : _binternational co-operation in the 21st century / _cby Michael Edwards. |
| 260 |
_aLondon : _bEarthscan, _c1999. |
||
| 300 |
_axi, 292 p. ; _c22 cm. |
||
| 504 | _aIncludes index. | ||
| 650 | 0 | _aInternational relations. | |
| 907 |
_a.b10103752 _b07-05-12 _c13-12-03 |
||
| 003 | |||
| 005 | 20230123133548.0 | ||
| 040 | _cNUST | ||
| 942 |
_cBOOKS _kJZ1242 _mEDW |
||
| 999 |
_c150745 _d150745 |
||